00285 a2200097 4500001001000000005001700010008004100027245005300068100002500121773004100146ART_4759820260410161630.0260409a 10aRSE: análisis económico, costos y beneficios1 aSmolje, Alejandro R.0 tEnfoquesg- N°9 (sep. 2018)wREV416